000 00572cam a2200193 4500
001 D7878
008 090401t1981 xxu||||| |||| 00| 0 eng d
035 _a(Sirsi) u9947
041 _aeng
050 _a333.335
100 _aPiddington, Helen R
245 _aLand management for shooting and fishing: a study of practice on farms and estates in Great Britain during 1971-1976
260 _aCambridge
_bUniversity of Cambridge, Department of L
_c1981
300 _a131p. 22cm
350 _a4.5
490 _aOccasional Paper
_v13
942 _n0
948 _c04/03/1997
999 _c86682
_d86682